Asp.net mvc4 (Record no. 13782)

000 -LEADER
fixed length control field 00847nmm a2200277 a 4500
001 - CONTROL NUMBER
control field ocm0001256973
003 - CONTROL NUMBER IDENTIFIER
control field TR-IsHL
005 - DATE AND TIME OF LATEST TRANSACTION
control field 20201028160802.0
008 - FIXED-LENGTH DATA ELEMENTS--GENERAL INFORMATION
fixed length control field 160715s2013 tu tur
007 - PHYSICAL DESCRIPTION FIXED FIELD--GENERAL INFORMATION
fixed length control field cr cn
020 ## - INTERNATIONAL STANDARD BOOK NUMBER
International Standard Book Number 9786054205844
035 ## - SYSTEM CONTROL NUMBER
System control number 1256973
-- (N$T)
050 04 - LIBRARY OF CONGRESS CALL NUMBER
Classification number TK5105.8885.A26
Item number A38 2013
090 04 - LOCALLY ASSIGNED LC-TYPE CALL NUMBER (OCLC); LOCAL CALL NUMBER (RLIN)
Classification number (OCLC) (R) ; Classification number, CALL (RLIN) (NR) TK5105.8885.A26
Local cutter number (OCLC) ; Book number/undivided call number, CALL (RLIN) A38 2013
100 1# - MAIN ENTRY--PERSONAL NAME
Personal name Aktaş, Volkan
245 10 - TITLE STATEMENT
Title Asp.net mvc4
Medium [electronic resource] /
Statement of responsibility, etc. Volkan Aktaş
250 ## - EDITION STATEMENT
Edition statement 2. basım
260 ## - PUBLICATION, DISTRIBUTION, ETC.
Place of publication, distribution, etc. İstanbul :
Name of publisher, distributor, etc. Kodlab Yayınevi,
Date of publication, distribution, etc. 2013
300 ## - PHYSICAL DESCRIPTION
Extent 348 p.
650 #4 - SUBJECT ADDED ENTRY--TOPICAL TERM
Topical term or geographic name entry element Bilgisayar
650 #4 - SUBJECT ADDED ENTRY--TOPICAL TERM
Topical term or geographic name entry element Computer Sciences
650 #0 - SUBJECT ADDED ENTRY--TOPICAL TERM
Topical term or geographic name entry element Aktif sunucu sayfaları
650 #0 - SUBJECT ADDED ENTRY--TOPICAL TERM
Topical term or geographic name entry element Active server pages
650 #7 - SUBJECT ADDED ENTRY--TOPICAL TERM
Topical term or geographic name entry element COMPUTERS / Web / Design
Source of heading or term bisacsh
856 40 - ELECTRONIC LOCATION AND ACCESS
Uniform Resource Identifier <a href="http://search.ebscohost.com/login.aspx?direct=true&scope=site&db=e011xww&AN=1256973">http://search.ebscohost.com/login.aspx?direct=true&scope=site&db=e011xww&AN=1256973</a>
Holdings
Withdrawn status Lost status Source of classification or shelving scheme Damaged status Not for loan Collection code Permanent Location Current Location Date acquired Total Checkouts Full call number Barcode Date last seen Price effective from Koha item type
        Online   Kıbrıs Amerikan Üniversitesi Kütüphanesi / American University of Cyprus Kıbrıs Amerikan Üniversitesi Kütüphanesi / American University of Cyprus 28.10.2020   TK5105.8885.A26 A38 2013 1256973 28.10.2020 28.10.2020 E-Kitap
Devinim Yazılım Eğitim Danışmanlık tarafından Koha'nın orjinal sürümü uyarlanarak geliştirilip kurulmuştur.